| 000 | 00551nam a22001937a 4500 | ||
|---|---|---|---|
| 003 | OSt | ||
| 005 | 20160922131632.0 | ||
| 008 | 160922b xxu||||| |||| 00| 0 eng d | ||
| 020 | _a0199632294 | ||
| 040 | _cDDC. | ||
| 082 | _aWK820I159 1992. | ||
| 100 |
_aEdited by Ashcroft,F.M;Ashcroft,S.J.H; _911100 |
||
| 245 |
_aInsulin: _bMolecular Biology to Pathology. |
||
| 260 |
_aOxford; _bIRL Press. _c1992. |
||
| 300 |
_axviii,421p; _bill; _c25cm, |
||
| 504 | _aincludes References ,Glossary and Index, | ||
| 650 |
_aInsulin. _911101 |
||
| 942 |
_2z _cO_SHELF |
||
| 999 |
_c5273 _d5273 |
||